Genetics and analysis of quantitative traits / (Record no. 68793)
[ view plain ]
| 000 -LEADER | |
|---|---|
| fixed length control field | 00784nam a2200265 a 4500 |
| 001 - CONTROL NUMBER | |
| control field | 68793 |
| 003 - CONTROL NUMBER IDENTIFIER | |
| rucl marc code | BD-RjUL |
| 005 - DATE AND TIME OF LATEST TRANSACTION | |
| control field | 20211209081818.0 |
| 008 - FIXED-LENGTH DATA ELEMENTS--GENERAL INFORMATION | |
| fixed length control field | 170405s1998 maua b 001 0 eng d |
| 020 ## - INTERNATIONAL STANDARD BOOK NUMBER | |
| International Standard Book Number | 0878934812 : |
| 035 ## - SYSTEM CONTROL NUMBER | |
| System control number | (BD-RjUL)69004 |
| 040 ## - CATALOGING SOURCE | |
| Original cataloging agency | DLC |
| Transcribing agency | DLC |
| Language of cataloging | eng |
| Modifying agency | BD-RjUL |
| 041 ## - LANGUAGE CODE | |
| Language code of text/sound track or separate title | eng |
| 082 00 - DEWEY DECIMAL CLASSIFICATION NUMBER | |
| Classification number | 576.53 |
| Edition number | 23 |
| Author mark and year | LYG 1998 |
| 100 1# - MAIN ENTRY--PERSONAL NAME | |
| Personal name | Lynch, Michael |
| 9 (RLIN) | 203876 |
| 245 10 - TITLE STATEMENT | |
| Title | Genetics and analysis of quantitative traits / |
| Statement of responsibility, etc. | Michael Lynch, Bruce Walsh. |
| 260 ## - PUBLICATION, DISTRIBUTION, ETC. (IMPRINT) | |
| Place of publication, distribution, etc. | Sunderland, Ma. : |
| Name of publisher, distributor, etc. | Sinauer, |
| Date of publication, distribution, etc. | 1998. |
| 300 ## - PHYSICAL DESCRIPTION | |
| Pagination | xvi, 980 p. : |
| Illustrations | ill. ; |
| Size | 24 cm. |
| 504 ## - BIBLIOGRAPHY, ETC. NOTE | |
| Bibliography, etc | Includes bibliography and indexes. |
| 650 #0 - SUBJECT ADDED ENTRY--TOPICAL TERM | |
| Topical term or geographic name as entry element | Quantitative genetics. |
| 9 (RLIN) | 203877 |
| Source of heading or term | Genetic Makeup |
| 700 1# - ADDED ENTRY--PERSONAL NAME | |
| Personal name | Walsh, Bruce |
| 942 ## - ADDED ENTRY ELEMENTS (KOHA) | |
| Source of classification or shelving scheme | Dewey Decimal Classification |
| Koha item type | Books |
| Lost status | Source of classification or shelving scheme | Damaged status | Not for loan | Collection code | Permanent Location | Current Location | Shelving location | Date acquired | Source of acquisition | Cost, normal purchase price | Total Checkouts | Full call number | Date last seen | Copy number | Koha item type |
|---|---|---|---|---|---|---|---|---|---|---|---|---|---|---|---|
| Dewey Decimal Classification | Not For Loan | Non-fiction | Central Library, University of Rajshahi | Central Library, University of Rajshahi | Reading Room | 09/12/2021 | Space Marketing Communication, Dhaka | 10.00 | 576.53 LYG 1998 | 05/04/2017 | C-1 | Books |